000 00202 a2200109 4500
020 _a978006176587
041 _aeng
100 _aLisa Scottoline
245 _aLegal Tender
942 _cBK
952 _74
999 _c16652
_d16652